| 000 | 00722nam a2200241 a 4500 | ||
|---|---|---|---|
| 001 | 49392 | ||
| 003 | BD-RjUL | ||
| 005 | 20211209054656.0 | ||
| 008 | 160820s1947 enk 001 0 eng d | ||
| 035 | _a(BD-RjUL)49511 | ||
| 040 |
_aNUN _beng _cNUN _dBD-RjUL |
||
| 041 | _aeng | ||
| 082 |
_223 _a352.042 _bCOL 1947 |
||
| 100 | 1 | 0 |
_aCole, G. D. H. _9148277 |
| 245 | 1 | 0 |
_aLocal and regional government / _cby G.D.H. Cole |
| 260 |
_aLondon : _bCassell, _c1947 |
||
| 300 |
_axv, 295 p. : _bill. _c24 cm. |
||
| 500 | _aInclude index | ||
| 650 | 0 |
_aLocal government _zEngland _zLondon. _9148278 |
|
| 650 | 0 |
_aRegional planning _zEngland. _9148279 |
|
| 651 | 0 |
_aLondon (England) _xPolitics and government. _9148280 |
|
| 942 |
_2ddc _cBK |
||
| 999 |
_c49392 _d49392 |
||